Statistiken für Top 15 der betroffenen Covid-19-Länder - 29. März 2021

Klicken Sie hier um das Quiz zu spielen!

Allgemein

  • Dieses Quiz wurde 34 mal gespielt
  • Das Durchschnittsergebnis liegt bei 17 aus 27

Antwortstatistiken

Land% Korrekt
Brasilien
100%
Vereinigte Staaten
100%
Spanien
97%
Frankreich
94%
Italien
94%
Deutschland
91%
Mexiko
88%
Russland
88%
Argentinien
82%
Indien
82%
Vereinigtes Königreich
82%
Portugal
73%
Polen
70%
Tschechien
67%
Kolumbien
64%
Niederlande
64%
Schweden
64%
Türkei
64%
Iran
58%
Belgien
55%
Israel
27%
Estland
21%
Slowenien
21%
Litauen
18%
Panama
18%
Bahrain
9%
Georgien
9%

Verteilung der Resultate

Perzentil nach korrekt beantworteten Fragen

Anzahl Personen mit jedem Resultat

Ihre Resultats-Entwicklung

Sie haben dieses Quiz noch nicht gespielt